El discurso social: los límites históricos de lo pensable y lo decible

保存先:
書誌詳細
第一著者: Angenot, Marc (著者)
フォーマット: 図書
言語:スペイン語
出版事項: Buenos Aires Siglo Veintiuno 2010
版:1a. ed
シリーズ:Metamorfosis
主題:
タグ: タグ追加
タグなし, このレコードへの初めてのタグを付けませんか!

MARC

LEADER 00000cam a2200000 a 4500
001 UCG5015
003 CL-VaPUC
008 101230e20100000AG |||||||||||||||||spa|d
020 |a 9789876291347 
082 0 4 |a 301  |b ANG  |2 21 
100 0 |a Angenot, Marc  |e author  |9 554536 
245 1 3 |a El discurso social: los límites históricos de lo pensable y lo decible 
250 |a 1a. ed 
300 |a 228 p 
942 |c BK 
945 |d 20101230 00:00:00  |a cmena 
260 |a Buenos Aires  |b Siglo Veintiuno  |c 2010 
650 0 |a Sociología   |9 255410 
650 0 |a Análisis del discurso  |9 256696 
650 7 |a FILOSOFIA POLITICA  |2 CL-VaPUC  |9 554537 
650 0 |a Historia social  |9 313638 
650 0 |a Antropología cultural y social   |9 265143 
583 |a last modification  |c 20120910 01:17:02  |k Rodrigo Vera 
490 0 |a Metamorfosis 
999 |c 343589  |d 343587 
952 |0 0  |1 0  |4 0  |6 301_000000000000000_ANG_2010  |7 0  |8 A  |9 441008  |a BIBGIM  |b BIBGIM  |d 2019-11-22  |i 474490K  |o 301 ANG 2010  |p 474490K  |r 2025-01-15  |w 2019-11-22  |y BK  |k SSL 
952 |0 0  |1 0  |4 0  |6 301_000000000000000_ANG_2010  |7 0  |8 A  |9 441009  |a BIBGIM  |b BIBGIM  |d 2019-11-22  |i 4744918  |o 301 ANG 2010  |p 4744918  |r 2025-01-15  |w 2019-11-22  |y BK  |k SSL 
952 |0 0  |1 0  |4 0  |6 301_000000000000000_ANG_2010  |7 0  |8 A  |9 441010  |a BIBGIM  |b BIBGIM  |d 2019-11-22  |i 4744926  |o 301 ANG 2010  |p 4744926  |r 2025-01-15  |w 2019-11-22  |y BK  |k SSL 
952 |0 0  |1 0  |4 0  |6 301_000000000000000_ANG_2010  |7 0  |8 A  |9 441011  |a BIBHIS  |b BIBHIS  |d 2019-11-22  |i 4746546  |l 2  |o 301 ANG 2010  |p 4746546  |r 2025-01-20  |s 2023-06-27  |w 2019-11-22  |y BK  |k HIS 
952 |0 0  |1 0  |4 0  |6 301_000000000000000_ANG_2010  |7 0  |8 A  |9 441012  |a BIBGIM  |b BIBGIM  |d 2019-11-22  |i 490477K  |o 301 ANG 2010  |p 490477K  |r 2025-01-15  |w 2019-11-22  |y BK  |k SSL